000 00503nam a2200169Ia 4500
008 090711s9999 xx 000 0 und d
082 _b12132
100 _aभावे पुरुषोत्तम भा.
245 _aवायबार
260 _c1961
300 _a130
600 _aभावे पुरुषोत्तम भा.
630 _aवायबार
700 _aभावे पुरुषोत्तम भा.
730 _aवायबार
942 _cBOOK
999 _c298435
_d298435